000 02538cam a2200373 i 4500
001 17841885
003 OSt
005 20180116192425.0
008 130806s2014 enka b 001 0 eng
010 _a 2013031898
020 _a9780415522465 (pbk)
020 _z9780203762387 (ebk)
040 _aDLC
_beng
_erda
_cDLC
_dDLC
042 _apcc
050 0 0 _aTH7703
_b.T74 2014
082 0 0 _a621.3229
_223
084 _aARC000000
_aARC007000
_aARC007010
_2bisacsh
100 1 _aTregenza, Peter.
_97947
245 1 4 _aThe design of lighting /
_cPeter Tregenza and David Loe.
250 _aSecond edition.
300 _a212 pages :
_bcolor illustrations ;
_c28 cm
500 _a"Simultaneously published in the USA and Canada"--Title page verso.
504 _aIncludes bibliographical references and index.
505 0 _aFoundations -- Design -- Applications.
520 _a"This fully updated edition of the successful book The Design of Lighting, provides the lighting knowledge needed by the architect in practice, the interior designer and students of both disciplines. The new edition offers a clear structure, carefully selected material and linking of lighting with other subjects, in order to provide the reader with a comprehensive and specifically architectural approach to lighting. Features of this new edition include: technical knowledge of lighting in the context of architectural design; an emphasis on imagination in architectural light and presentation of the tools necessary in practice for creative design; additional chapters on the behaviour of light and on the context of design; a strong emphasis on sustainable design and energy saving, with data and examples; analyses of actual lighting schemes and references to current standards and design guides; an up-to-date review of lamp and lighting technology, with recommendations on the choice of equipment; a revision of the calculation section, with examples and step-by-step instructions, based on recent student feedback about the book"--
650 0 _aLighting, Architectural and decorative.
_97948
650 7 _aARCHITECTURE / General.
_2bisacsh
_97949
650 7 _aARCHITECTURE / Interior Design / General.
_2bisacsh
_97950
650 7 _aARCHITECTURE / Interior Design / Lighting.
_2bisacsh
_97951
700 1 _aLoe, David.
_97952
906 _a7
_bcbc
_corignew
_d1
_eecip
_f20
_gy-gencatlg
942 _2ddc
_cBK
999 _c354047
_d354047